000 00640nam a2200253 i 4500
001 bg
100 1 _aHOFF, Arthur van
245 1 0 _aJava /
_cArthur van Hoff, Sami Shaio, Orca Starbuck.
260 _aGliwice :
_bHelion,
_c1996.
300 _a199 s. :
_brys. ;
_c24 cm +
_e2 dyskietki 3,5.
504 _aIndeks.
630 0 9 _aJava
630 0 9 _aInternet
655 _aPodręczniki
700 1 _aSHAIO, Sami
700 1 _aSTARBUCK, Orca
020 _a8386718307
040 _cBPK
041 1 _apl
_hen
080 _a681.324:519.682](07)
920 _a83-86718-30-7
942 _cKS
008 s pl f |000 0 pol
999 _c24830
_d24830
856 _uhttp://koha.tu.koszalin.pl/cgi-bin/koha/opac-detail.pl?biblionumber=24830
_yKatalog online BPK